[Event "For Anand Champion of the world "]
[Site "SchemingMind.com"]
[Date "2007.10.03"]
[Round "-"]
[White "mi_di"]
[Black "Lazaro"]
[Result "1-0"]
[WhiteCountry "MEX"]
[BlackCountry "CUB"]
[WhiteElo "1943"]
[WhiteRD "90"]
[BlackElo "1507"]
[BlackRD "47"]
[GameID "123147"]

1. e4 e5 2. Nf3 Nc6 3. Bb5 a6 4. Ba4 Nf6 5. O-O Be7 6. Re1 b5 7. Bb3 d6 8. c3 Na5 9. Bc2 c5 10. d4 Qc7
11. Nbd2 cxd4 12. cxd4 Bb7 13. d5 O-O 14. Nf1 Rfc8 15. Bd3
1-0

[Event "For Anand Champion of the world "]
[Site "SchemingMind.com"]
[Date "2007.10.03"]
[Round "-"]
[White "Lazaro"]
[Black "mi_di"]
[Result "0-1"]
[WhiteCountry "CUB"]
[BlackCountry "MEX"]
[WhiteElo "1484"]
[WhiteRD "56"]
[BlackElo "1941"]
[BlackRD "92"]
[GameID "123148"]

1. e4 e5 2. Nf3 Nc6 3. Bb5 a6 4. Bxc6 dxc6 5. O-O Bg4 6. h3 h5 7. d3 Qf6 8. Nbd2 Ne7 9. Re1 Ng6 10. d4 Bd6
11. hxg4 hxg4 12. Nh2 Rxh2 13. Qxg4 Qh4 14. Qxh4 Rxh4 15. Nf3 Rh5 16. Be3 O-O-O 17. Rad1 Rdh8 18. Kf1 exd4 19. Nxd4 Re8
0-1

[Event "For Anand Champion of the world "]
[Site "SchemingMind.com"]
[Date "2007.10.08"]
[Round "-"]
[White "Dr_Pat"]
[Black "mi_di"]
[Result "0-1"]
[WhiteCountry "USA"]
[BlackCountry "MEX"]
[WhiteElo "1543"]
[WhiteRD "50"]
[BlackElo "1834"]
[BlackRD "92"]
[GameID "123635"]

1. d4 Nf6 2. c4 e6 3. Nc3 Bb4 4. Qc2 O-O 5. Bg5 c5 6. Nf3 h6 7. Bxf6 Qxf6 8. e3 d5 9. cxd5 cxd4 10. Nxd4 exd5
11. Bd3 Nc6 12. O-O Nxd4 13. exd4 Qg5
0-1

[Event "For Anand Champion of the world "]
[Site "SchemingMind.com"]
[Date "2007.10.09"]
[Round "-"]
[White "ekulrac"]
[Black "Dr_Pat"]
[Result "1-0"]
[WhiteCountry "SCO"]
[BlackCountry "USA"]
[WhiteElo "1670"]
[WhiteRD "56"]
[BlackElo "1566"]
[BlackRD "47"]
[GameID "123919"]

1. e4 c5 2. b4 cxb4 3. d4 Nf6 4. Bd3 Nc6 5. Bb2 e6 6. Nf3 Be7 7. h4 O-O 8. e5 Nd5 9. Bxh7+ Kxh7 10. Ng5+ Kg8
11. Qh5 Bxg5 12. hxg5 Nf4 13. Qh8#
1-0

[Event "For Anand Champion of the world "]
[Site "SchemingMind.com"]
[Date "2007.10.12"]
[Round "-"]
[White "ekulrac"]
[Black "Lazaro"]
[Result "1-0"]
[WhiteCountry "SCO"]
[BlackCountry "CUB"]
[WhiteElo "1775"]
[WhiteRD "67"]
[BlackElo "1595"]
[BlackRD "46"]
[GameID "123920"]

1. e4 c5 2. Nf3 Nc6 3. Bc4 d6 4. d4 cxd4 5. Nxd4 a6 6. c3 Nf6 7. Nxc6 bxc6 8. e5 Ng8 9. O-O d5 10. Bd3 e6
11. Nd2 Qc7 12. f4 Bc5+ 13. Kh1 f5 14. Nf3 Nh6 15. Nd4 O-O 16. Be3 Ng4 17. Bg1 Qb6 18. h3 Nh6 19. Nb3 Bxg1 20. Rxg1 c5
21. Be2 c4 22. Nd4 Qxb2 23. Rb1 Qxc3 24. Rb6
1-0

[Event "For Anand Champion of the world "]
[Site "SchemingMind.com"]
[Date "2007.10.09"]
[Round "-"]
[White "ekulrac"]
[Black "mi_di"]
[Result "0-1"]
[WhiteCountry "SCO"]
[BlackCountry "MEX"]
[WhiteElo "1728"]
[WhiteRD "65"]
[BlackElo "1888"]
[BlackRD "89"]
[GameID "123921"]

1. e4 e5 2. Nf3 Nc6 3. Bb5 a6 4. Bxc6 dxc6 5. O-O Bd6 6. d3 Nf6 7. Bg5 h6 8. Bh4 g5 9. Bg3 Qe7 10. Nbd2 Be6
11. d4 Nd7 12. c3 Bg4 13. Qb3 O-O-O 14. c4 Bxf3 15. Nxf3 exd4 16. Nxd4 Bxg3 17. Qxg3 Qxe4 18. Nb3 Qxc4 19. Rac1 Qf4 20. Qc3 Ne5
21. Na5 Ng4 22. g3 Qd4 23. Qf3 Ne5 24. Qf6 Rhe8 25. Nb3 Qxb2 26. Rb1 Qa3 27. Rfc1 Qd6 28. Qf5+ Qd7 29. Qc2 Nf3+ 30. Kf1 Qh3#
0-1

[Event "For Anand Champion of the world "]
[Site "SchemingMind.com"]
[Date "2007.10.09"]
[Round "-"]
[White "Dr_Pat"]
[Black "ekulrac"]
[Result "0-1"]
[WhiteCountry "USA"]
[BlackCountry "SCO"]
[WhiteElo "1566"]
[WhiteRD "47"]
[BlackElo "1670"]
[BlackRD "56"]
[GameID "123922"]

1. d4 Nf6 2. c4 g6 3. Nc3 Bg7 4. e4 d6 5. Nf3 O-O 6. Be2 c5 7. d5 a6 8. O-O b5 9. b3 Nxe4 10. Nxe4 Bxa1
11. Bh6 Bg7 12. Bxg7 Kxg7 13. Qa1+ Kg8 14. Nfg5 bxc4 15. bxc4 Bf5 16. f3 h6 17. Nh3 Bxh3 18. gxh3 Nd7 19. f4 Nf6 20. Nxf6+ exf6
21. f5 g5 22. h4 Kg7 23. Rf2 Qe7 24. Rg2 Qe5 25. Qc1 Qd4+ 26. Kh1 Qxh4 27. Rg4 Qf2 28. Rg2 Qxf5
0-1

[Event "For Anand Champion of the world "]
[Site "SchemingMind.com"]
[Date "2007.10.13"]
[Round "-"]
[White "Lazaro"]
[Black "ekulrac"]
[Result "0-1"]
[WhiteCountry "CUB"]
[BlackCountry "SCO"]
[WhiteElo "1507"]
[WhiteRD "47"]
[BlackElo "1809"]
[BlackRD "62"]
[GameID "123923"]

1. e4 Nc6 2. d4 e5 3. d5 Nce7 4. c4 Ng6 5. Nc3 Bb4 6. Bd3 Bxc3+ 7. bxc3 d6 8. Ne2 Nf6 9. O-O O-O 10. f4 exf4
11. Nxf4 Ne5 12. Be3 Nfg4 13. Bc1 Nxd3 14. Qxd3 Ne5 15. Qe2 Qe8 16. Bd2 Bg4 17. Qf2 Nxc4 18. Rae1 Ne5 19. Rb1 b6 20. Be1 a5
21. h3 Bd7 22. Qd4 f5 23. Bg3 g5 24. Nd3 f4 25. Bh2 Ng6 26. Rbe1 Ne5 27. Nxe5 Qxe5 28. Rf3 h5 29. Rd3 g4 30. Kh1 g3
31. Bg1 Qg5 32. Rd2 Bxh3
0-1

[Event "For Anand Champion of the world "]
[Site "SchemingMind.com"]
[Date "2007.10.09"]
[Round "-"]
[White "mi_di"]
[Black "ekulrac"]
[Result "1-0"]
[WhiteCountry "MEX"]
[BlackCountry "SCO"]
[WhiteElo "1888"]
[WhiteRD "89"]
[BlackElo "1728"]
[BlackRD "65"]
[GameID "123924"]

1. d4 e6 2. e4 c5 3. c3 d5 4. e5 Nc6 5. Nf3 Qb6 6. Be2 cxd4 7. cxd4 Nge7 8. Nc3 Nf5 9. Na4 Qa5+ 10. Kf1 Bd7
11. Bd2 Bb4 12. Bxb4 Qxb4 13. a3 Qe7 14. Rc1 O-O 15. Nc5 Rab8 16. h4 Nh6 17. Qd3 Be8 18. Ng5 g6 19. Qd2 Nf5 20. h5 h6
21. Nf3 g5 22. g4 Ng7 23. b4 Rc8 24. b5 Nd8 25. Kg2 f5 26. exf6 Qxf6 27. Qe3 Bf7 28. Nd7 Qe7 29. Nxf8
1-0

[Event "For Anand Champion of the world "]
[Site "SchemingMind.com"]
[Date "2007.10.12"]
[Round "-"]
[White "kado"]
[Black "Dr_Pat"]
[Result "1-0"]
[WhiteCountry "USA"]
[BlackCountry "USA"]
[WhiteElo "1697"]
[WhiteRD "105"]
[BlackElo "1543"]
[BlackRD "50"]
[GameID "124309"]

1. e4 c5 2. Nf3 Nc6 3. Bb5 Nf6 4. Nc3 Qc7 5. O-O e6 6. Re1 Ne5 7. d3 Nxf3+ 8. Qxf3 Bd6 9. g3 O-O 10. Bg5 a6
11. Bxf6 axb5 12. Nxb5 Qb6 13. Qg4 g6 14. Nxd6 Qxd6 15. e5 Qd4 16. Qxd4 cxd4 17. Re4
1-0

[Event "For Anand Champion of the world "]
[Site "SchemingMind.com"]
[Date "2007.10.12"]
[Round "-"]
[White "kado"]
[Black "Lazaro"]
[Result "1-0"]
[WhiteCountry "USA"]
[BlackCountry "CUB"]
[WhiteElo "1869"]
[WhiteRD "91"]
[BlackElo "1484"]
[BlackRD "56"]
[GameID "124310"]

1. e4 c5 2. Nf3 d6 3. d4 cxd4 4. Nxd4 Nf6 5. Nc3 a6 6. Be3 e5 7. Nb3 Be6 8. f3 d5 9. exd5 Nxd5 10. Nxd5 Qxd5
11. Qd2 Qxd2+ 12. Nxd2 Nc6 13. b3 Nb4 14. Bd3 Nxd3+ 15. cxd3 Rd8 16. O-O Rxd3 17. Rfe1 Rxe3 18. Kh1 Rxe1+ 19. Rxe1
1-0

[Event "For Anand Champion of the world "]
[Site "SchemingMind.com"]
[Date "2007.10.12"]
[Round "-"]
[White "kado"]
[Black "ekulrac"]
[Result "1-0"]
[WhiteCountry "USA"]
[BlackCountry "SCO"]
[WhiteElo "1778"]
[WhiteRD "99"]
[BlackElo "1728"]
[BlackRD "65"]
[GameID "124311"]

1. e4 Nc6 2. Nf3 e5 3. Bb5 Nf6 4. O-O d6 5. d4 Be7 6. dxe5 dxe5 7. Nxe5 Qxd1 8. Rxd1 O-O 9. Nxc6 bxc6 10. Bxc6 Rb8
11. Nc3 Rb6 12. Bd5 Bd6 13. b3 Re8 14. Be3 c5 15. a4 Ng4 16. Re1 Bxh2+ 17. Kf1 Nxe3+ 18. Rxe3 Be5 19. Rd1 Bg4 20. Rd2 Bf4
21. Red3 Bxd2 22. Rxd2 g6 23. Bc4 a5 24. Bb5 Rf8 25. Nd5
1-0

[Event "For Anand Champion of the world "]
[Site "SchemingMind.com"]
[Date "2007.10.12"]
[Round "-"]
[White "kado"]
[Black "mi_di"]
[Result "1/2-1/2"]
[WhiteCountry "USA"]
[BlackCountry "MEX"]
[WhiteElo "1869"]
[WhiteRD "91"]
[BlackElo "1941"]
[BlackRD "92"]
[GameID "124312"]

1. e4 e5 2. Nf3 Nc6 3. Bb5 a6 4. Ba4 Nf6 5. O-O Bc5 6. c3 b5 7. Bb3 d6 8. a4 Bg4 9. h3 Bh5 10. d3 Rb8
11. axb5 axb5 12. Re1 O-O 13. Nbd2 b4 14. Ba4 Na5 15. Qc2 bxc3 16. bxc3 c6 17. d4 exd4 18. cxd4 Bb4 19. Re3 Bg6=
1/2-1/2

[Event "For Anand Champion of the world "]
[Site "SchemingMind.com"]
[Date "2007.10.13"]
[Round "-"]
[White "Dr_Pat"]
[Black "kado"]
[Result "0-1"]
[WhiteCountry "USA"]
[BlackCountry "USA"]
[WhiteElo "1543"]
[WhiteRD "50"]
[BlackElo "1697"]
[BlackRD "105"]
[GameID "124313"]

1. d4 d6 2. e4 Nf6 3. Nc3 g6 4. Bd3 Bg7 5. f4 Nc6 6. Nf3 Nb4 7. O-O O-O 8. a3 Nc6 9. b4 Ng4 10. h3 Nxd4
11. hxg4 Nxf3+ 12. Qxf3 Bxc3 13. Rb1 Bg7 14. Bb2 e5 15. fxe5 dxe5 16. Bc4 Qe7
0-1

[Event "For Anand Champion of the world "]
[Site "SchemingMind.com"]
[Date "2007.10.13"]
[Round "-"]
[White "Lazaro"]
[Black "kado"]
[Result "0-1"]
[WhiteCountry "CUB"]
[BlackCountry "USA"]
[WhiteElo "1507"]
[WhiteRD "47"]
[BlackElo "1847"]
[BlackRD "91"]
[GameID "124314"]

1. e4 c5 2. Nf3 d6 3. d4 cxd4 4. Nxd4 Nf6 5. Nc3 a6 6. Bg5 e6 7. f4 Qb6 8. Nb3 Be7 9. Qd3 O-O 10. O-O-O Nc6
11. Qg3 Nh5 12. Qh4 Bxg5 13. Qxg5 Qe3+ 14. Kb1 g6
0-1

[Event "For Anand Champion of the world "]
[Site "SchemingMind.com"]
[Date "2007.10.12"]
[Round "-"]
[White "ekulrac"]
[Black "kado"]
[Result "1-0"]
[WhiteCountry "SCO"]
[BlackCountry "USA"]
[WhiteElo "1761"]
[WhiteRD "62"]
[BlackElo "1697"]
[BlackRD "105"]
[GameID "124315"]

1. e4 c5 2. Nf3 d5 3. exd5 Nf6 4. d4 Nxd5 5. dxc5 e6 6. Bd3 Bxc5 7. O-O O-O 8. Re1 Nc6 9. Qe2 Qf6 10. c4 Nf4
11. Bxf4 Qxf4 12. a3 Nd4 13. Nxd4 Bxd4 14. Qc2 g6 15. Nc3 Rd8 16. Rad1 e5 17. Nd5 Qg5 18. b4 Bh3 19. Bf1 a6 20. Qb3 Rd7
21. Qxh3
1-0

[Event "For Anand Champion of the world "]
[Site "SchemingMind.com"]
[Date "2007.10.12"]
[Round "-"]
[White "mi_di"]
[Black "kado"]
[Result "1-0"]
[WhiteCountry "MEX"]
[BlackCountry "USA"]
[WhiteElo "1959"]
[WhiteRD "91"]
[BlackElo "1852"]
[BlackRD "94"]
[GameID "124316"]

1. e4 c5 2. Nf3 d6 3. d4 cxd4 4. Nxd4 Nf6 5. Nc3 a6 6. f4 e5 7. Nf3 Nbd7 8. a4 Be7 9. Bd3 O-O 10. O-O exf4
11. Kh1 Ne5 12. Bxf4 Bg4 13. Be2 Nxf3 14. Bxf3 Qd7 15. Nd5 h5 16. Nxe7+ Qxe7 17. Bxd6 Qe6 18. Bxf8 Rxf8 19. Qe2 Re8 20. Rae1 Bxf3
21. gxf3 Rd8 22. e5 Nd5 23. Rd1 Qe7 24. c4 Nf4 25. Qe4 Nh3 26. Rxd8+ Qxd8 27. Qxb7
1-0

[Event "For Anand Champion of the world "]
[Site "SchemingMind.com"]
[Date "2007.10.16"]
[Round "-"]
[White "kifosi"]
[Black "Dr_Pat"]
[Result "1-0"]
[WhiteCountry "DEN"]
[BlackCountry "USA"]
[WhiteElo "1805"]
[WhiteRD "69"]
[BlackElo "1497"]
[BlackRD "44"]
[GameID "124783"]

1. e4 c5 2. c3 d5 3. exd5 Qxd5 4. d4 Nc6 5. Nf3 Bg4 6. Be2 Nf6 7. h3 Bxf3 8. Bxf3 Qe6+ 9. Be3 g6 10. dxc5 Bg7
11. O-O O-O 12. Re1 Qd7 13. Qxd7 Nxd7 14. Bxc6 bxc6 15. b4
1-0

[Event "For Anand Champion of the world "]
[Site "SchemingMind.com"]
[Date "2007.10.17"]
[Round "-"]
[White "kifosi"]
[Black "kado"]
[Result "1/2-1/2"]
[WhiteCountry "DEN"]
[BlackCountry "USA"]
[WhiteElo "1846"]
[WhiteRD "66"]
[BlackElo "1847"]
[BlackRD "91"]
[GameID "124784"]

1. e4 c5 2. c3 Nf6 3. e5 Nd5 4. Nf3 Nc6 5. Bc4 Nb6 6. Bb3 c4 7. Bc2 Qc7 8. Qe2 g6 9. O-O Bg7 10. Re1 O-O
11. b3 d6 12. exd6 exd6 13. bxc4 Na5 14. Na3 Naxc4 15. Nxc4 Nxc4 16. Bb3 d5 17. d4 Bd7 18. Bxc4 dxc4 19. Be3=
1/2-1/2

[Event "For Anand Champion of the world "]
[Site "SchemingMind.com"]
[Date "2007.10.16"]
[Round "-"]
[White "kifosi"]
[Black "Lazaro"]
[Result "1-0"]
[WhiteCountry "DEN"]
[BlackCountry "CUB"]
[WhiteElo "1858"]
[WhiteRD "66"]
[BlackElo "1595"]
[BlackRD "46"]
[GameID "124785"]

1. d4 d5 2. c4 e6 3. Nf3 c6 4. Qc2 Nf6 5. Bg5 Bb4+ 6. Nc3 Qa5 7. Bxf6 gxf6 8. e3 Nd7 9. a3 dxc4 10. Bxc4 Nb6
11. Bd3
1-0

[Event "For Anand Champion of the world "]
[Site "SchemingMind.com"]
[Date "2007.10.16"]
[Round "-"]
[White "kifosi"]
[Black "ekulrac"]
[Result "0-1"]
[WhiteCountry "DEN"]
[BlackCountry "SCO"]
[WhiteElo "1771"]
[WhiteRD "68"]
[BlackElo "1761"]
[BlackRD "62"]
[GameID "124786"]

1. e4 Nc6 2. Nf3 e5 3. Bb5 a6 4. Ba4 Nf6 5. O-O b5 6. Bb3 Be7 7. d4 d6 8. c3 Bg4 9. Re1 O-O 10. Be3 Na5
11. Nbd2 Nxb3 12. Nxb3 h6 13. h3 Bxf3 14. Qxf3 c5 15. dxe5 dxe5 16. Bxc5 Rc8 17. Bxe7 Qxe7 18. Rad1 b4 19. Rc1 bxc3 20. Rxc3 Qb4
21. Rec1 Rcd8 22. Rc4 Qb8 23. Qe2 Qb5 24. f3 Nh5 25. R4c2 Qb6+ 26. Kh2 Nf4 27. Qc4 Qg6 28. Rd2 Rxd2 29. Nxd2 Qxg2#
0-1

[Event "For Anand Champion of the world "]
[Site "SchemingMind.com"]
[Date "2007.10.21"]
[Round "-"]
[White "kifosi"]
[Black "mi_di"]
[Result "0-1"]
[WhiteCountry "DEN"]
[BlackCountry "MEX"]
[WhiteElo "1858"]
[WhiteRD "66"]
[BlackElo "1914"]
[BlackRD "90"]
[GameID "124787"]

1. d4 d5 2. c4 c6 3. Nc3 Nf6 4. Nf3 a6 5. a4 e6 6. Bg5 Nbd7 7. e3 Qa5 8. Qc2 Ne4 9. c5 b6 10. Bd3 Nxg5
11. Nxg5 bxc5 12. Nxh7 Be7 13. dxc5 Nxc5 14. Bg6 Qb4 15. O-O Qg4
0-1

[Event "For Anand Champion of the world "]
[Site "SchemingMind.com"]
[Date "2007.10.17"]
[Round "-"]
[White "Dr_Pat"]
[Black "kifosi"]
[Result "0-1"]
[WhiteCountry "USA"]
[BlackCountry "DEN"]
[WhiteElo "1497"]
[WhiteRD "44"]
[BlackElo "1805"]
[BlackRD "69"]
[GameID "124788"]

1. d4 Nf6 2. c4 e6 3. Nc3 Bb4 4. e3 O-O 5. Bd3 d5 6. Nf3 c5 7. O-O dxc4 8. Bxc4 cxd4 9. exd4 Nc6 10. Bg5 h6
11. Bxf6 Qxf6 12. Ne4 Qe7 13. a3 Ba5 14. Ba2 Rd8 15. b4 Bb6
0-1

[Event "For Anand Champion of the world "]
[Site "SchemingMind.com"]
[Date "2007.10.17"]
[Round "-"]
[White "kado"]
[Black "kifosi"]
[Result "1/2-1/2"]
[WhiteCountry "USA"]
[BlackCountry "DEN"]
[WhiteElo "1847"]
[WhiteRD "91"]
[BlackElo "1846"]
[BlackRD "66"]
[GameID "124789"]

1. e4 c5 2. Nf3 e6 3. d4 cxd4 4. Nxd4 a6 5. Bd3 Bc5 6. Nb3 Be7 7. Qg4 g6 8. Qe2 b5 9. O-O Nc6 10. Bd2 Bb7
11. a3 Nf6 12. Bh6 Ne5 13. Bg7 Rg8 14. Bxf6 Bxf6 15. Nc5 Bc6 16. f3 Qb6 17. Qf2 Nxd3 18. cxd3 d6 19. Nb3 Qxf2+ 20. Rxf2 Rc8=
1/2-1/2

[Event "For Anand Champion of the world "]
[Site "SchemingMind.com"]
[Date "2007.10.17"]
[Round "-"]
[White "Lazaro"]
[Black "kifosi"]
[Result "0-1"]
[WhiteCountry "CUB"]
[BlackCountry "DEN"]
[WhiteElo "1595"]
[WhiteRD "46"]
[BlackElo "1858"]
[BlackRD "66"]
[GameID "124790"]

1. e4 e5 2. Nf3 Nc6 3. Bc4 Nf6 4. Ng5 Bc5 5. Nxf7 Bxf2+ 6. Kf1 Qe7 7. Nxh8 d5 8. exd5 Nd4 9. d6 cxd6 10. c3 Bg4
11. Qa4+ Bd7
0-1

[Event "For Anand Champion of the world "]
[Site "SchemingMind.com"]
[Date "2007.10.16"]
[Round "-"]
[White "ekulrac"]
[Black "kifosi"]
[Result "1/2-1/2"]
[WhiteCountry "SCO"]
[BlackCountry "DEN"]
[WhiteElo "1761"]
[WhiteRD "62"]
[BlackElo "1771"]
[BlackRD "68"]
[GameID "124791"]

1. e4 e6 2. d4 c5 3. Nf3 cxd4 4. Nxd4 a6 5. Nc3 Qc7 6. g3 Nf6 7. Bg2 Be7 8. O-O Nc6 9. Be3 O-O 10. a4 d6
11. f4 Re8 12. Nxc6 bxc6 13. a5 Bb7 14. Na4 Nd7 15. Nb6 Nxb6 16. Bxb6 Qc8 17. e5 d5 18. c3 c5 19. b4 cxb4 20. cxb4 Bxb4
21. Rc1 Qb8 22. Bc7 Qa7+ 23. Bb6 Qb8 24. Bc7=
1/2-1/2

[Event "For Anand Champion of the world "]
[Site "SchemingMind.com"]
[Date "2007.10.21"]
[Round "-"]
[White "mi_di"]
[Black "kifosi"]
[Result "1/2-1/2"]
[WhiteCountry "MEX"]
[BlackCountry "DEN"]
[WhiteElo "1962"]
[WhiteRD "91"]
[BlackElo "1892"]
[BlackRD "65"]
[GameID "124792"]

1. e4 c5 2. Nc3 Nc6 3. Nf3 d6 4. d4 cxd4 5. Nxd4 Nf6 6. Be2 e6 7. O-O Be7 8. Be3 O-O 9. f4 Bd7 10. Nb3 a6
11. a4 Rc8 12. a5 Qc7 13. g4 Nb4 14. g5 Ne8 15. Bg4 Qd8 16. Qd2 Nc7 17. f5 exf5 18. exf5 Re8 19. Rae1 g6 20. f6 Bf8
21. Bxd7 Qxd7 22. Rf4 Nc6 23. Qg2 d5 24. Na4 Qd6 25. Rh4 d4 26. Nxd4 Rxe3 27. Rxe3 Nxd4 28. Rd3 Nce6 29. Rhxd4 Nxd4 30. c3 Ne2+
31. Qxe2 Qf4 32. Nb6 Qxg5+ 33. Kh1 Rc5 34. Rd8 Qc1+=
1/2-1/2

[Event "For Anand Champion of the world "]
[Site "SchemingMind.com"]
[Date "2007.10.18"]
[Round "-"]
[White "Elekt"]
[Black "Dr_Pat"]
[Result "0-1"]
[WhiteCountry "GRE"]
[BlackCountry "USA"]
[WhiteElo "1557"]
[WhiteRD "84"]
[BlackElo "1615"]
[BlackRD "55"]
[GameID "124993"]

1. d4 Nf6 2. c4 e6 3. Nc3 Bb4 4. Bg5 b6 5. e3 d5 6. a3 Bxc3+ 7. bxc3 Bb7 8. cxd5 Bxd5 9. c4 Be4 10. Nf3 h6
11. Bh4 c5 12. Be2 O-O 13. O-O Nc6 14. dxc5 bxc5
0-1

[Event "For Anand Champion of the world "]
[Site "SchemingMind.com"]
[Date "2007.10.18"]
[Round "-"]
[White "Elekt"]
[Black "ekulrac"]
[Result "0-1"]
[WhiteCountry "GRE"]
[BlackCountry "SCO"]
[WhiteElo "1557"]
[WhiteRD "84"]
[BlackElo "1728"]
[BlackRD "65"]
[GameID "124997"]

1. d4 e6 2. c4 c5 3. d5 exd5 4. cxd5 d6 5. e4 Nf6 6. Nc3 g6 7. Bf4 a6 8. Nf3 Bg7 9. Bd3 O-O 10. O-O b5
11. a3 Re8 12. Re1 Ra7 13. Qd2 h5 14. e5 dxe5
0-1

[Event "For Anand Champion of the world "]
[Site "SchemingMind.com"]
[Date "2007.10.20"]
[Round "-"]
[White "Dr_Pat"]
[Black "Elekt"]
[Result "1-0"]
[WhiteCountry "USA"]
[BlackCountry "GRE"]
[WhiteElo "1615"]
[WhiteRD "55"]
[BlackElo "1557"]
[BlackRD "84"]
[GameID "124999"]

1. d4 g6 2. c4 d6 3. Nc3 Bg7 4. e4 e5 5. d5 Ne7 6. Bd3 O-O 7. Nge2 a5 8. O-O Na6 9. f3 f5 10. Be3 Nb4
11. Bb1 c6 12. dxc6 bxc6 13. a3 Na6 14. Ng3
1-0

[Event "For Anand Champion of the world "]
[Site "SchemingMind.com"]
[Date "2007.10.17"]
[Round "-"]
[White "ekulrac"]
[Black "Elekt"]
[Result "0-1"]
[WhiteCountry "SCO"]
[BlackCountry "GRE"]
[WhiteElo "1709"]
[WhiteRD "60"]
[BlackElo "1755"]
[BlackRD "98"]
[GameID "125003"]

1. e4 e5 2. Nf3 Nc6 3. Bb5 d6 4. Bxc6+ bxc6 5. O-O Bg4 6. d3 h5 7. Nbd2 h4 8. b3 h3 9. g3 g6 10. Bb2 Qf6
11. d4 Rh5 12. c4 Bh6
0-1

[Event "For Anand Champion of the world "]
[Site "SchemingMind.com"]
[Date "2007.10.18"]
[Round "-"]
[White "Shogun"]
[Black "Dr_Pat"]
[Result "1-0"]
[WhiteCountry "CRO"]
[BlackCountry "USA"]
[WhiteElo "1766"]
[WhiteRD "139"]
[BlackElo "1566"]
[BlackRD "47"]
[GameID "125012"]

1. Nf3 d5 2. g3 Nf6 3. Bg2 Bf5 4. c4 dxc4 5. Na3 Qd5 6. Qa4+ Nc6 7. Nxc4 e6 8. Ne3 Qd7 9. Nxf5 exf5 10. O-O Be7
11. Nh4 O-O 12. Bxc6 bxc6 13. d3 Rfe8 14. Be3 Nd5 15. Ng2 Bf6 16. d4 Re7 17. Rac1 c5 18. Qxd7 Rxd7 19. Rxc5 Nxe3 20. fxe3 Be7
21. Rcxf5 f6 22. Ne1 Rb8 23. Nd3 c5 24. dxc5 Rc8 25. b4 a5 26. b5
1-0

[Event "For Anand Champion of the world "]
[Site "SchemingMind.com"]
[Date "2007.10.19"]
[Round "-"]
[White "Shogun"]
[Black "kado"]
[Result "0-1"]
[WhiteCountry "CRO"]
[BlackCountry "USA"]
[WhiteElo "1513"]
[WhiteRD "92"]
[BlackElo "1812"]
[BlackRD "98"]
[GameID "125013"]

1. Nf3 Nf6 2. c4 e6 3. g3 d5 4. d4 dxc4 5. Bg2 a6 6. O-O Nc6 7. e3 Bd7 8. Qe2 b5 9. Nc3 Bd6 10. e4 e5
11. dxe5 Nxe5 12. Nxe5 Bxe5 13. f4 Bxc3
0-1

[Event "For Anand Champion of the world "]
[Site "SchemingMind.com"]
[Date "2007.10.22"]
[Round "-"]
[White "Shogun"]
[Black "kifosi"]
[Result "0-1"]
[WhiteCountry "CRO"]
[BlackCountry "DEN"]
[WhiteElo "1676"]
[WhiteRD "122"]
[BlackElo "1816"]
[BlackRD "67"]
[GameID "125014"]

1. c4 e5 2. Nc3 Nf6 3. Nf3 Nc6 4. g3 Bc5 5. Bg2 d6 6. O-O O-O 7. d3 h6 8. a3 a5 9. Rb1 Bf5 10. Nh4 Be6
0-1

[Event "For Anand Champion of the world "]
[Site "SchemingMind.com"]
[Date "2007.10.17"]
[Round "-"]
[White "Shogun"]
[Black "ekulrac"]
[Result "1/2-1/2"]
[WhiteCountry "CRO"]
[BlackCountry "SCO"]
[WhiteElo "1766"]
[WhiteRD "139"]
[BlackElo "1670"]
[BlackRD "56"]
[GameID "125016"]

1. c4 Nf6 2. Nc3 g6 3. g3 Bg7 4. Nf3 O-O 5. Bg2 Nc6 6. O-O e5 7. d4 exd4 8. Nxd4 Ne5 9. b3 Re8 10. Bb2 d6
11. Qd2 h5 12. Rad1 h4 13. Nf3 Nxf3+ 14. Bxf3 Bh3 15. Bg2 Qc8 16. Bxh3 Qxh3 17. Qg5 Re5 18. Qxh4 Qxh4 19. gxh4 Rh5 20. Nd5 Nxd5
21. Bxg7 Kxg7 22. Rxd5 Rxh4 23. Rfd1 Rah8 24. c5 Rxh2 25. cxd6 Rh1+ 26. Kg2 R1h2+ 27. Kf3 R8h3+ 28. Ke4 cxd6 29. Rf1 Rh4+ 30. Kd3 Rf4
31. Rxd6=
1/2-1/2

[Event "For Anand Champion of the world "]
[Site "SchemingMind.com"]
[Date "2007.10.22"]
[Round "-"]
[White "Shogun"]
[Black "mi_di"]
[Result "0-1"]
[WhiteCountry "CRO"]
[BlackCountry "MEX"]
[WhiteElo "1513"]
[WhiteRD "92"]
[BlackElo "1914"]
[BlackRD "90"]
[GameID "125017"]

1. Nf3 d5 2. c4 d4 3. b4 g6 4. Bb2 e5 5. Nxe5 Bg7 6. Nf3 Ne7 7. d3 O-O 8. Nbd2 Nbc6 9. b5 Ne5 10. Nxe5 Bxe5
0-1

[Event "For Anand Champion of the world "]
[Site "SchemingMind.com"]
[Date "2007.10.17"]
[Round "-"]
[White "Shogun"]
[Black "Elekt"]
[Result "0-1"]
[WhiteCountry "CRO"]
[BlackCountry "GRE"]
[WhiteElo "1513"]
[WhiteRD "92"]
[BlackElo "1602"]
[BlackRD "86"]
[GameID "125018"]

1. Nf3 d6 2. d4 g6 3. c4 Bg7 4. Nc3 Nf6 5. g3 c6 6. Bg2 O-O 7. O-O e6 8. e4 Nbd7 9. h3 Re8 10. Be3 Kh8
11. Qd2 e5
0-1

[Event "For Anand Champion of the world "]
[Site "SchemingMind.com"]
[Date "2007.10.18"]
[Round "-"]
[White "Dr_Pat"]
[Black "Shogun"]
[Result "1/2-1/2"]
[WhiteCountry "USA"]
[BlackCountry "CRO"]
[WhiteElo "1566"]
[WhiteRD "47"]
[BlackElo "1766"]
[BlackRD "139"]
[GameID "125019"]

1. d4 Nf6 2. c4 e6 3. Nc3 c5 4. Nf3 cxd4 5. Nxd4 Bb4 6. Bg5 h6 7. Bxf6 Qxf6 8. e3 Bxc3+ 9. bxc3 Nc6 10. Be2 O-O
11. O-O b6 12. Qd3 Bb7 13. f4 Qg6 14. Qxg6 fxg6 15. Bf3 Nd8 16. Bxb7 Nxb7 17. Rad1 Nc5 18. Nb5 g5 19. fxg5 Rxf1+ 20. Rxf1 hxg5
21. Nd4 Rf8 22. Rxf8+ Kxf8 23. Ne2 Ke7 24. Kf2 Kf6 25. Kf3 Nb7 26. Ke4 Nd6+ 27. Kd4 Nf5+ 28. Ke4 Nd6+=
1/2-1/2